000 01450nas a22002537a 4500
003 NALT
005 20250903131457.0
006 a|||p|r|||| 00| 0
007 ta
008 181116b th |||p| |||| 00| 0 tha d
022 0 0 _a01252658
040 _aNALT
041 0 _atha
245 1 0 _aฟอร์มูล่า
260 3 _aกรุงเทพฯ :
_bบริษัท สื่อสารกล จำกัด
310 _aรายเดือน
500 _aยุติการบอกรับหลังเดือนกรกฎาคม 2564-พฤษภาคม 2568 หลังจากนั้นต่ออายุสมาชิกถึงปัจจุบัน
650 0 _aยานยนต์
_963934
850 _aNALT
866 3 1 _aปีที่ 43 ฉบับที่ 516-527 (ม.ค.-ธ.ค. 2562), ปีที่ 44 ฉบับที่ 528-539 (ม.ค.-ธ.ค. 2563), ปีที่ 45 ฉบับที่ 540-545 (ม.ค.-มิ.ย. 2564), ปีที่ 46 ฉบับที่ 557-568 (มิ.ย.-ธ.ค. 2565), ปีที่ 47 ฉบับที่ 564-575 (ม.ค.-ธ.ค. 2566), ปีที่ 48 ฉบับที่ 576-587 (ม.ค.-ธ.ค. 2567), ปีที่ 49 ฉบับที่ 588- (ม.ค. 2568-)
942 _cJNR
_s1
_015
996 _ajintana.i
_bSERSTF
_c2025-08-26
999 _c91950
_d91950
998 _j111
_k นางสาวพจพิณ พรมเอี่ยม